00870cam a22002411 4500001001300000003000400013005001700017008004100034010001700075035001900092040003100111042001200142050002200154086001600176100004700192245012600239260004800365300005700413410005600470504002700526650003600553650003900589gs 65000395 DLC20260227111418.0780125s1965 dcuab b f000 0 eng  ags 65000395  a(OCoLC)3580249 aDLCcOClUdISSdOCoLCdDLC apremarc00aQE75b.P9 no. 4770 aI 19.16:4771 aMorrison, Roger B.q(Roger Barron),d1914-10aLake Bonneville: Quaternary stratigraphy of eastern Jordan Valley,bsouth of Salt Lake City, Utah,cby Roger B. Morrison. aWashington,bU.S. Govt. Print. Off.,c1965. a80 p.billus., maps (4 fold. col. in pocket)c29 cm.20aGeological Survey (U.S.).tProfessional paper,v477 aBibliography: p.75-77. 0aGeologyzUtahzSalt Lake County 0aGeology, StratigraphicyQuaternary